| 000 | 00687nam a2200217 a 4500 | ||
|---|---|---|---|
| 005 | 20220526083957.0 | ||
| 008 | 041117s2001 es r 000 0 spa d | ||
| 020 | _a8478886125 | ||
| 035 | _aUPN01000136429 | ||
| 049 | _aCG | ||
| 050 | 4 |
_aPR6068 O9 _bH3.7 |
|
| 100 | 1 |
_aRowling, J. K., _d1965- _930192 |
|
| 245 | 1 | 0 |
_aHarry Potter y la piedra filosofal / _cJ. K. Rowling ; tr. Alicia Dellepiane. |
| 260 |
_aBarcelona, Esp. : _bSalamandra, _c2001. |
||
| 300 | _a254 p. | ||
| 440 | 0 |
_aHarry Potter ; _v1 |
|
| 534 |
_pTraducción de: _tHarry Potter and the philospher's stone |
||
| 650 | 4 |
_aNovela inglesa _ySiglo XX _925744 |
|
| 650 | 4 |
_aMAGIA EN LA LITERATURA _910558 |
|
| 905 | _aLibro | ||
| 999 |
_c108580 _d108580 |
||